000 00829cam a2200253 i 4500
999 _c233429
_d233429
001 1796980
003 Nust
005 20170307153257.0
008 780720s1915 onc 000 1 eng
010 _a 78304989
020 _a9780553213928
040 _aDLC
_cDLC
_dDLC
_dOCoLC
_dDLC
050 0 0 _aPR6025.A86
_bO4 1915c
082 _a823.91
_bMAU
100 1 _aMaugham, W. Somerset
_q(William Somerset),
_d1874-1965.
245 1 0 _aOf human bondage /
_cby W. Somerset Maugham.
260 _aToronto :
_bS. B. Gundy,
_c1915.
300 _a712 p. ;
_c21 cm.
650 0 _aPeople with disabilities
_vFiction.
650 0 _aPhysicians
_xFiction.
650 0 _aOrphans
_xFiction.
650 0 _aArtists
_xFiction.
651 0 _aEngland
_xFiction.
655 7 _aBildungsromane.
_2gsafd
906 _a7
_bcbc
_corignew
_d4
_encip
_f19
_gy-gencatlg
942 _2ddc
_cBK